<?xml version="1.0" encoding="UTF-8"?>
<collection xmlns="http://www.loc.gov/MARC21/slim">
 <record>
  <leader>02467nam a2200229Ia 4500</leader>
  <controlfield tag="001">CTU_239464</controlfield>
  <controlfield tag="008">210402s9999    xx            000 0 und d</controlfield>
  <datafield tag="082" ind1=" " ind2=" ">
   <subfield code="a">580</subfield>
  </datafield>
  <datafield tag="082" ind1=" " ind2=" ">
   <subfield code="b">Nh513</subfield>
  </datafield>
  <datafield tag="088" ind1=" " ind2=" ">
   <subfield code="a">8420120</subfield>
  </datafield>
  <datafield tag="100" ind1=" " ind2=" ">
   <subfield code="a">Nguyễn, Thị Cẩm Nhung</subfield>
  </datafield>
  <datafield tag="245" ind1=" " ind2="0">
   <subfield code="a">Đánh giá thực trạng của các loài thực vật ngoại lai xâm hại đến sự đa dạng hệ thực vật ở Vườn quốc gia Tràm Chim, tỉnh Đồng Tháp :</subfield>
  </datafield>
  <datafield tag="245" ind1=" " ind2="0">
   <subfield code="b">Luận văn tốt nghiệp Cao học ngành. Sinh thái học</subfield>
  </datafield>
  <datafield tag="245" ind1=" " ind2="0">
   <subfield code="c">Nguyễn Thị Cẩm Nhung ; Đặng Minh Quân (cán bộ hướng dẫn)</subfield>
  </datafield>
  <datafield tag="260" ind1=" " ind2=" ">
   <subfield code="a">Cần Thơ</subfield>
  </datafield>
  <datafield tag="260" ind1=" " ind2=" ">
   <subfield code="b">Trường Đại học Cần Thơ</subfield>
  </datafield>
  <datafield tag="260" ind1=" " ind2=" ">
   <subfield code="c">2020</subfield>
  </datafield>
  <datafield tag="520" ind1=" " ind2=" ">
   <subfield code="a">Đề tài “Đánh giá thực trạng của các loài thực vật ngoại lai xâm hại đến sự đa dạng hệ thực vật ở Vườn quốc gia Tràm chim tỉnh Đồng Tháp” được tiến hành vào mùa mưa và mùa khô ở cả 5 khu của VQG Tràm Chim. Mục tiêu của đề tài là nhằm cung cấp dữ liệu về thực trạng của các loài thực vật ngoại lai xâm hại (TVNLXH) hiện có ở VQG Tràm Chim, làm cơ sở khoa học cho việc quản lý và phòng trừ có hiệu quả các loài TVNLXH, góp phần trong việc bảo tồn đa dạng sinh học của VQG Tràm Chim. Sử dụng phương pháp điều tra theo tuyến kết hợp với lập ô tiêu chuẩn và đo đạc, tính toán các chỉ số như mức độ quần hợp, tần số xuất hiện, mật độ, diện tích che phủ và độ quan trọng của các loài thực vật ngoại lai xâm hại tại VQG Tràm Chim. Kết quả nghiên cứu cho thấy, có 7 loài thực vật ngoại lai xâm hại được ghi nhận tại VQG Tràm Chim. Ở các sinh cảnh ao, lung và kênh mương, Lục bình (Eichhornia crassipes (Mart.) Solms) có mức độ đe dọa rất cao với IVI = 176,92% và mức độ quần hợp là cấp 4.</subfield>
  </datafield>
  <datafield tag="650" ind1=" " ind2=" ">
   <subfield code="a">Thực vật,Plants</subfield>
  </datafield>
  <datafield tag="650" ind1=" " ind2=" ">
   <subfield code="x">Sự bất thường,Abnormalities</subfield>
  </datafield>
  <datafield tag="910" ind1=" " ind2=" ">
   <subfield code="c">Qhieu</subfield>
  </datafield>
  <datafield tag="980" ind1=" " ind2=" ">
   <subfield code="a">Trung tâm Học liệu Trường Đại học Cần Thơ</subfield>
  </datafield>
 </record>
</collection>
